Механизация горных работ: межвузовский сборник научных трудов

מידע ביבליוגרפי
מחבר תאגידי: Кузбасский политехнический институт
מחברים אחרים: Коршунов А. Н. (редактор)
שפה:רוסית
יצא לאור: Кемерово, Изд-во КузПИ, 1986
נושאים:
פורמט: ספר
KOHA link:https://koha.lib.tpu.ru/cgi-bin/koha/opac-detail.pl?biblionumber=264219

MARC

LEADER 00000nam0a2200000 4500
001 264219
005 20231101233818.0
020 |a RU  |b 86-81251 
035 |a (RuTPU)RU\TPU\book\287210 
090 |a 264219 
100 |a 20140617d1986 k y0rusy5003 ca 
101 0 |a rus 
102 |a RU 
105 |a a z 001zy 
200 1 |a Механизация горных работ  |e межвузовский сборник научных трудов  |f Кузбасский политехнический институт ; под ред. А. Н. Коршунова 
210 |a Кемерово  |c Изд-во КузПИ  |d 1986 
215 |a 154 с.  |c ил. 
320 |a Библиогр. в конце ст. 
606 1 |a Горное дело  |2 stltpush  |3 (RuTPU)RU\TPU\subj\7566  |9 35173 
610 1 |a горные работы 
610 1 |a механизация 
610 1 |a горные машины 
610 1 |a механизмы 
610 1 |a эффективность 
610 1 |a конструкции 
675 |a 622.002:65.011.56  |z rus 
702 1 |a Коршунов  |b А. Н.  |4 340 
712 0 2 |a Кузбасский политехнический институт  |c (Кемерово)  |2 stltpush  |3 (RuTPU)RU\TPU\col\4382 
801 0 |a RU  |b RuMRKP  |c 19950417  |g psbo 
801 1 |a RU  |b 63413507  |c 20140617 
801 2 |a RU  |b 63413507  |c 20170627  |g RCR 
942 |c BK